000 00917nam a22002897a 4500
003 CHAP
005 20220329135450.0
008 971013s r 00010 d
010 _a36949
011 _a37921
035 _a42041
040 _cCHAP
090 _aMP-23
100 0 0 _aPark Redfield, Robert.
_985565
245 1 _aDisease and its treatment in Dzitas, Yucatan
500 _a(En: Contributions to American Anthropology and History. 6(30-34), pp. 49-81. 1940
590 _aBATCH-UPD
_b10
_c20130110
_lUCH01
_h0006
590 _aBATCH-UPD
_b10
_c20130110
_lUCH01
_h1938
590 _aBATCH-UPD
_b10
_c20130409
_lUCH01
_h1942
590 _aBATCH-UPD
_b10
_c20130914
_lUCH01
_h1805
590 _aCONVERSION
_b10
_c20130109
_lUCH01
_h1321
650 1 4 _aMayas
_xCultura.
_973214
650 1 4 _aMedicina
_xHistoria
_xYucatán.
_973910
901 _aBK
942 _cMP
949 _aMP-23
_bBC
_cMP
_d-96559
_eMP
_i42041
_si
999 _c36949
_d36949